000 00372nam a22001457a 4500
020 _a9788181472083
040 _cNUST
082 _a519.2 ROS
100 _aRoss, Sheldon M
_978
245 _aIntroduction to Probability Models
250 _a8th Edition
260 _aUSA:
_bElsevier,
_c2003.
650 _aIntroducation to Probability Models
_9113956
942 _2ddc
_cBK
999 _c595374
_d595374